ČSSR zdravotnictví 1980

Gespeichert in:
Bibliographische Detailangaben
Format: Buch
Sprache:Tschechisch
Veröffentlicht: Praha Ústav pro zdravotnickou statistiku 1980
Tags: Tag hinzufügen
Keine Tags, Fügen Sie das erste Tag hinzu!

MARC

LEADER 00000nam a2200000 4500
001 c140624
005 20251111093003.8
041 0 |a cze 
044 |a CZ 
245 1 0 |a ČSSR zdravotnictví 1980 
264 1 |a Praha  |b Ústav pro zdravotnickou statistiku  |c 1980 
300 |a 511 s.